[Event "Pia Cramling Ladies Open 2018"]
[Site "Stockholm"]
[Date "2018.09.01"]
[Round "2"]
[White "Puuska, Heini"]
[Black "Hunt, Harriet V"]
[Result "0-1"]
[WhiteElo "1961"]
[BlackElo "2439"]
[Annotator "TA"]
[PlyCount "78"]
[EventDate "2018.09.01"]
[EventType "swiss"]
[EventCountry "SWE"]
[SourceTitle "playchess.com"]
[Source "ChessBase"]
[SourceQuality "1"]

{[%evp 19,78,21,16,6,8,4,26,8,9,8,19,8,29,6,32,16,29,18,19,19,27,20,79,-75,-31,-78,-70,-71,-71,-72,-69,-166,-187,-302,-314,-1047,-1023,-970,-698,-865,-845,-856,-842,-817,-826,-901,-884,-1066,-1026,-1177,-1151,-1115,-890,-1306,-850,-839,-834,-880,-880,-1370,-1362]} 1. d4 Nf6 2. Nf3 e6 3. e3 b6 4. Bd3 Bb7 5. O-O c5 6. b3 Be7 7. Bb2 O-O 8. Nbd2 cxd4 9. exd4 d6 10. Qe2 {A47: 1 d4 Nf6 2 Nf3 b6: Torre, London and Colle Systems} (10. a3 Nbd7 11. c4 Rc8 12. Rc1 Rc7 13. Re1 Re8 14. Ng5 Nf8 15. Nge4 Ng6 16. d5 Nxe4 17. Bxe4 exd5 18. Bxd5 Bxd5 19. cxd5 Rxc1 20. Qxc1 {0-1 (25) Koneru,H (2607)-Zhao,X (2568) Beijing 2013}) 10... Nbd7 {LiveBook: 6 Games} 11. Rfe1 h6 12. c4 {The position is equal.} Re8 $146 ({Predecessor:} 12... Rc8 13. Rac1 Rc7 14. Ne4 Qa8 15. Nfd2 Nxe4 16. Nxe4 Nf6 17. d5 e5 18. Ng3 Bc8 {½-½ (36) Donnelly,M (2362)-Nielsen,M (2382) England 1999}) 13. Rac1 Rc8 14. Bb1 Nf8 15. Nf1 d5 16. Ne5 Bb4 17. Red1 $1 Bd6 18. Ng3 Qe7 19. Rc3 Rc7 20. Re3 Rec8 (20... a5 $11 {keeps the balance.}) 21. Rc1 $2 (21. f4 $16 {and life is bright.}) 21... Ba6 22. Bd3 dxc4 $1 23. bxc4 {[#]} Nd5 $1 {[%cal Rd5e3]} 24. Rf3 {[#]} Bxe5 $1 25. Qxe5 (25. dxe5 $15 Ng6 26. Nh5) 25... Bxc4 $19 26. Ba3 (26. Bb1 {is a better defense.}) 26... Bxd3 27. Rxd3 $2 (27. Rxc7 Qxc7 28. Qxc7 Rxc7 29. Rxd3) 27... Rxc1+ {Black is clearly winning.} 28. Nf1 Qf6 29. Bxc1 Qxe5 30. dxe5 Rxc1 31. g3 Nd7 32. f4 Nc5 33. Ra3 a5 34. Kf2 Rc2+ 35. Kg1 Ne4 36. Ra4 Nd2 37. Nxd2 Rxd2 38. Ra3 Kf8 39. Rb3 Rxa2 {Precision: White = 39%, Black = 58%.} 0-1

[Event "Pia Cramling Ladies Open 2018"]
[Site "Stockholm"]
[Date "2018.09.01"]
[Round "2"]
[White "Berg Laachiri, Susanna"]
[Black "Mariano-Wagman, Cristine Rose"]
[Result "0-1"]
[WhiteElo "1903"]
[BlackElo "1906"]
[Annotator "NA"]
[PlyCount "52"]
[EventDate "2018.09.01"]
[EventType "swiss"]
[EventCountry "SWE"]
[SourceTitle "playchess.com"]
[Source "ChessBase"]
[SourceQuality "1"]
[TimeControl "1800+10"]

1. e4 {[%emt 0:00:00]} d5 {[%emt 0:00:00]} 2. exd5 {[%emt 0:00:00]} Qxd5 {[%emt 0:00:00]} 3. Nc3 {[%emt 0:00:08]} Qa5 {[%emt 0:00:00]} 4. d4 {[%emt 0:00:12]} Nf6 {[%emt 0:00:08]} 5. Nf3 {[%emt 0:01:01]} Bg4 {[%emt 0:00:05]} 6. Be2 {[%emt 0:00:13]} (6. h3 $16 Bh5 7. Bd2) 6... Nc6 {[%emt 0:00:52]} 7. O-O {[%emt 0:01:12]} O-O-O {[%emt 0:00:11]} 8. Nb5 $19 {[%emt 0:12:43]} (8. Ng5 $11 {and White is okay.} Rxd4 9. Qe1) 8... a6 {[%emt 0:01:54]} 9. Bd2 {[%emt 0:03:00]} Qb6 {[%emt 0:00:05]} 10. Na3 {[%emt 0:01:18]} Bxf3 {[%emt 0:01:50]} 11. Bxf3 {[%emt 0:00:17]} Nxd4 {[%emt 0:01:56]} 12. Be3 {[%emt 0:07:06]} e5 {[%emt 0:01:52]} 13. c3 {[%emt 0:00:20]} Bxa3 {[%emt 0:03:42]} 14. bxa3 {[%emt 0:00:17]} Nxf3+ {[%emt 0:00:04]} 15. Qxf3 {[%emt 0:00:02]} Qe6 {[%emt 0:00:34]} 16. Rab1 {[%emt 0:01:09]} e4 {[%emt 0:00:10]} 17. Qe2 {[%emt 0:00:07]} Rd3 {[%emt 0:00:06]} 18. Qb2 {[%emt 0:00:18]} Qc6 {[%emt 0:01:19]} 19. c4 {[%emt 0:00:37]} Rhd8 {[%emt 0:00:57]} 20. a4 {[%emt 0:00:37]} g6 {[%emt 0:02:04]} 21. Bg5 {[%emt 0:00:31]} R8d6 {[%emt 0:00:22]} 22. c5 {[%emt 0:00:23]} Re6 {[%emt 0:00:18]} 23. Rfd1 {[%emt 0:00:43]} h5 {[%emt 0:01:29]} 24. Rxd3 {[%emt 0:00:22]} exd3 {[%emt 0:00:02]} 25. Qc3 {[%emt 0:00:03]} Ne4 {[%emt 0:00:42]} 26. Qxd3 {[%emt 0:00:30]} Nxg5 {[%emt 0:00:05]} 0-1

[Event "Pia Cramling Ladies Open 2018"]
[Site "Stockholm"]
[Date "2018.09.01"]
[Round "2"]
[White "Johansson, Eva"]
[Black "Tetenkina, Irina"]
[Result "0-1"]
[WhiteElo "1881"]
[BlackElo "2214"]
[Annotator "TA"]
[PlyCount "84"]
[EventDate "2018.09.01"]
[EventType "swiss"]
[EventCountry "SWE"]
[SourceTitle "playchess.com"]
[Source "ChessBase"]
[SourceQuality "1"]

{[%evp 20,84,58,62,89,-66,-50,-56,-36,-31,-32,-25,-25,-47,-47,-54,-34,-44,-40,-44,-43,-51,-49,-43,-41,-53,-39,-52,-44,-54,-47,-66,0,-54,-49,-66,-26,-23,-17,-43,-41,-35,-8,-16,-20,-14,0,0,0,0,0,-78,-87,-98,-91,-84,-90,-92,-78,-113,-112,-110,-54,-423,-416,-395,-393]} 1. d4 d5 2. c4 e6 3. Nf3 Nf6 4. g3 Be7 5. Bg2 O-O 6. O-O c6 7. Qc2 Nbd7 8. Nbd2 b6 9. e4 dxc4 10. Nxc4 Ba6 {E09: Closed Catalan: Main Line: 7 Qc2 c6 8 Nbd2} (10... Bb7 11. Bg5 b5 12. Bxf6 Nxf6 13. Ncd2 Rc8 14. e5 Nd7 15. a4 {½-½ (15) Swiercz,D (2649)-Cori Tello,J (2660) Columbus 2017}) 11. Rd1 {LiveBook: 7 Games} Nxe4 {[#]} 12. Qxe4 $146 (12. Nfe5 $1 $16 f5 13. Nxc6) ({Predecessor:} 12. Nfe5 f5 13. Nxc6 Qe8 14. Nxe7+ Qxe7 15. b3 Rac8 16. a4 {0-1 (39) Maga,M (2292)-Li,R (2417) Manila 2007}) 12... Bxc4 $15 {Black is slightly better.} 13. Qxc6 Bd5 (13... Rc8 $5 {[%cal Rc8c6]} 14. Qe4 Nf6 $17) 14. Qb5 a6 15. Qd3 Nf6 16. Ne1 b5 17. Bxd5 Nxd5 18. a3 Qb6 19. Nf3 Rfd8 20. Bg5 Rac8 21. Bxe7 Nxe7 22. Rac1 h6 23. Rxc8 Rxc8 24. Ne5 Rd8 25. Qe4 Nf5 (25... a5 $15) 26. Nf3 (26. d5 $11) 26... Nd6 27. Qe2 Nc4 28. h3 Rd5 29. Qc2 Qd8 30. Kg2 e5 {[%cal Re5d4]} 31. b3 Nxa3 32. Qc1 b4 $36 {[%cal Re5d4][%mdl 2048] Black fights for an advantage.} 33. Nxe5 Nb5 34. Nc6 Qd7 35. Nxb4 (35. Ne5 $11 {keeps the balance.} Qd8 36. Qc4 Rxe5 37. dxe5 Qxd1 38. Qc8+ Kh7 39. Qf5+ Kg8 40. Qc8+ Kh7 41. Qf5+ Kg8 42. Qc8+) 35... Rxd4 $17 36. Rxd4 Nxd4 37. Qc4 {[#]} Qb7+ $1 38. Nd5 Nxb3 39. f3 a5 40. h4 {[#]} a4 $1 {[%mdl 512]} 41. Nb4 $2 {[%mdl 8192]} ({White has to play} 41. Qe4 $15 Qd7 42. Nb6 (42. Ne7+ Kf8 $17)) (41. Qxa4 Qxd5) 41... Nd2 $19 42. Qc3 {[#]} Nxf3 $1 {[%mdl 512] Precision: White = 40%, Black = 65%.} 0-1

[Event "Pia Cramling Ladies Open 2018"]
[Site "Stockholm"]
[Date "2018.09.01"]
[Round "2"]
[White "Rinne, Heini"]
[Black "Tuominen, Tanja"]
[Result "1/2-1/2"]
[WhiteElo "1760"]
[BlackElo "2076"]
[Annotator "NA"]
[PlyCount "67"]
[EventDate "2018.09.01"]
[EventType "swiss"]
[EventCountry "SWE"]
[SourceTitle "playchess.com"]
[Source "ChessBase"]
[SourceQuality "1"]
[TimeControl "1800+10"]

1. d4 {[%emt 0:00:00]} d5 {[%emt 0:00:00]} 2. c4 {[%emt 0:00:04]} c6 {[%emt 0:00:33]} 3. cxd5 {[%emt 0:01:24]} cxd5 {[%emt 0:00:04]} 4. Nf3 {[%emt 0:00:03]} Nc6 {[%emt 0:00:17]} 5. Nc3 {[%emt 0:00:05]} Nf6 {[%emt 0:00:03]} 6. Bf4 {[%emt 0:00:06]} a6 {[%emt 0:00:11]} 7. Rc1 {[%emt 0:00:06]} Bf5 {[%emt 0:04:26]} 8. e3 {[%emt 0:01:32]} e6 {[%emt 0:01:46]} 9. Bd3 {[%emt 0:08:44] D13: Slav Defence: Exchange variation without ...Bf5} (9. Qb3 Ra7 10. Be2 Be7 11. O-O O-O 12. Na4 Nd7 13. h3 Na5 14. Qc3 Nc4 15. b3 Nd6 16. Nc5 Nxc5 17. dxc5 {1-0 (48) Xiong,J (2665)-Jumabayev,R (2621) Saint Louis 2018}) 9... Bxd3 {[%emt 0:02:02]} 10. Qxd3 {[%emt 0:00:43]} Be7 {[%emt 0:00:09]} 11. O-O {[%emt 0:01:36] LiveBook: 15 Games} Nh5 {[%emt 0:00:47]} 12. Na4 $146 {[%emt 0:05:35]} ({Predecessor:} 12. Be5 O-O 13. Na4 Qa5 14. Nc5 b5 15. Nd7 Rfc8 16. g4 Qd8 {½-½ (31) Khamdamov,S (2288)-Akkozov,B (2368) Tashkent 2011}) 12... O-O {[%emt 0:04:55]} 13. Nc5 {[%emt 0:00:53]} Bxc5 {[%emt 0:04:05]} 14. Rxc5 {[%emt 0:01:09]} Nxf4 {[%emt 0:00:08]} 15. exf4 {[%emt 0:00:01]} Qd6 {[%emt 0:00:04]} 16. g3 {[%emt 0:04:52]} b6 {[%emt 0:00:56]} 17. Rc3 {[%emt 0:00:36]} Nb4 {[%emt 0:01:14]} 18. Qb1 {[%emt 0:00:11]} Rac8 {[%emt 0:00:39]} 19. Rfc1 {[%emt 0:00:32]} Rc4 $16 {[%emt 0:05:28]} 20. Rxc4 {[%emt 0:03:25]} dxc4 {[%emt 0:00:01]} 21. Rxc4 {[%emt 0:00:18]} b5 {[%emt 0:00:29]} 22. Ng5 {[%emt 0:01:13]} g6 {[%emt 0:01:31]} 23. Ne4 {[%emt 0:00:01]} Qe7 {[%emt 0:00:02]} 24. Rc5 {[%emt 0:00:20]} Rd8 {[%emt 0:00:27]} 25. a3 {[%emt 0:00:08]} Nd5 {[%emt 0:00:40]} 26. Qc2 {[%emt 0:00:03]} b4 {[%emt 0:01:40]} 27. Rc8 {[%emt 0:00:09]} bxa3 {[%emt 0:00:13]} 28. bxa3 {[%emt 0:00:11]} Kg7 {[%emt 0:00:08]} 29. Rxd8 {[%emt 0:00:08]} Qxd8 {[%emt 0:00:01]} 30. Qb2 {[%emt 0:00:05]} Qa5 {[%emt 0:00:10]} 31. Nc5 {[%emt 0:00:21]} h5 {[%emt 0:00:49]} 32. Qb7 {[%emt 0:00:21]} Nc7 {[%emt 0:00:40]} 33. Qb4 {[%emt 0:00:04]} Qb5 {[%emt 0:00:24]} 34. Qxb5 {[%emt 0:00:08]} 1/2-1/2

[Event "Pia Cramling Ladies Open 2018"]
[Site "Stockholm"]
[Date "2018.09.01"]
[Round "2"]
[White "Nilsson, Kajsa 2002"]
[Black "Johansson-Ohman, Linnea"]
[Result "1-0"]
[WhiteElo "1704"]
[BlackElo "1495"]
[Annotator "NA"]
[PlyCount "61"]
[EventDate "2018.09.01"]
[EventType "swiss"]
[EventCountry "SWE"]
[SourceTitle "playchess.com"]
[Source "ChessBase"]
[SourceQuality "1"]
[TimeControl "1800+10"]

1. e4 {[%emt 0:00:00]} c6 {[%emt 0:00:01]} 2. d4 {[%emt 0:00:30]} d5 {[%emt 0:00:16]} 3. Nc3 {[%emt 0:00:54]} dxe4 {[%emt 0:00:20]} 4. Nxe4 {[%emt 0:00:16]} Bf5 {[%emt 0:00:09]} 5. Ng3 {[%emt 0:02:51]} Bg6 {[%emt 0:00:27]} 6. Nf3 {[%emt 0:00:49]} Nf6 {[%emt 0:00:43]} 7. Bd3 {[%emt 0:03:19]} Bxd3 {[%emt 0:04:08]} 8. Qxd3 {[%emt 0:00:08]} e6 {[%emt 0:00:34]} 9. Bg5 {[%emt 0:01:27]} Nbd7 {[%emt 0:04:59]} 10. O-O-O {[%emt 0:03:55]} Qc7 {[%emt 0:02:59]} 11. Rhe1 {[%emt 0:01:57]} h6 {[%emt 0:02:31]} 12. Bd2 {[%emt 0:01:11]} O-O-O {[%emt 0:00:46]} 13. Qe2 {[%emt 0:02:34]} Kb8 {[%emt 0:03:57]} 14. Ne4 {[%emt 0:03:08]} Nd5 {[%emt 0:02:33]} 15. g3 {[%emt 0:02:02]} Ka8 {[%emt 0:01:08]} 16. c4 {[%emt 0:01:09]} N5f6 {[%emt 0:01:50]} 17. Bf4 {[%emt 0:00:54]} Qb6 {[%emt 0:03:08]} 18. Rd3 {[%emt 0:02:01]} Nxe4 {[%emt 0:01:05]} 19. Qxe4 {[%emt 0:00:07]} Nf6 {[%emt 0:00:28]} 20. Qe2 {[%emt 0:00:07]} Be7 {[%emt 0:00:26]} 21. Rb3 {[%emt 0:00:25]} Qa6 {[%emt 0:00:33]} 22. Kb1 {[%emt 0:00:22]} Nh5 {[%emt 0:00:21]} 23. Be3 {[%emt 0:00:49]} Rhf8 {[%emt 0:00:13]} 24. Ne5 {[%emt 0:00:23]} Bd6 {[%emt 0:00:10]} 25. Qxh5 {[%emt 0:00:25]} Bxe5 {[%emt 0:00:02]} 26. Qxe5 {[%emt 0:00:18]} Qxc4 {[%emt 0:00:01]} 27. Rc1 {[%emt 0:00:16]} Qe2 {[%emt 0:00:15]} 28. Qc7 {[%emt 0:00:09]} Rb8 {[%emt 0:00:02]} 29. Ra3 {[%emt 0:00:19]} Qb5 {[%emt 0:00:06]} 30. d5 {[%emt 0:00:08]} exd5 {[%emt 0:00:04]} 31. Rxa7# {[%emt 0:00:02]} 1-0

[Event "Pia Cramling Ladies Open 2018"]
[Site "Stockholm"]
[Date "2018.09.01"]
[Round "2"]
[White "Ristoja, Aulikki"]
[Black "Fransson, Angelina"]
[Result "0-1"]
[WhiteElo "1530"]
[BlackElo "2004"]
[Annotator "NA"]
[PlyCount "86"]
[EventDate "2018.09.01"]
[EventType "swiss"]
[EventCountry "SWE"]
[SourceTitle "playchess.com"]
[Source "ChessBase"]
[SourceQuality "1"]
[TimeControl "1800+10"]

1. d4 {[%emt 0:00:00]} Nf6 {[%emt 0:00:00]} 2. Bf4 {[%emt 0:00:04]} g6 {[%emt 0:00:14]} 3. Nc3 {[%emt 0:00:24]} d5 {[%emt 0:01:22] A45: Trompowsky Attack} 4. f3 {[%emt 0:01:48]} (4. e3 Bg7 5. h4 h5 6. Nf3 Bg4 7. Be2 Bxf3 8. Bxf3 c6 9. Qd2 Nbd7 10. O-O-O b5 11. Kb1 {½-½ (34) Aronian,L (2797)-Vachier Lagrave,M (2793) Caleta 2018}) 4... Bg7 {[%emt 0:01:33]} 5. Qd2 {[%emt 0:00:22] LiveBook: 7 Games} O-O {[%emt 0:02:48]} (5... c5 $5) 6. g4 {[%emt 0:00:43]} c6 {[%emt 0:03:12]} 7. h4 {[%emt 0:01:20] [#]} Re8 $146 {[%emt 0:00:19]} (7... c5 $1 $15 {[%mdl 512]} 8. e3 (8. dxc5 d4 $15) 8... cxd4 9. exd4 h5) ({Predecessor:} 7... b5 8. Bh6 a5 9. h5 Nbd7 10. Bxg7 Kxg7 11. hxg6 fxg6 {0-1 (56) Balazs,B (1300)-Koch,E (1306) Gross Doelln 2010}) 8. Bh6 {[%emt 0:01:17]} Bh8 {[%emt 0:00:12]} 9. h5 {[%emt 0:00:24]} Nfd7 {[%emt 0:01:14]} ({Black should play} 9... Nbd7 $14) 10. hxg6 {[%emt 0:00:42]} fxg6 {[%emt 0:00:03]} 11. e4 {[%emt 0:01:58]} e5 {[%emt 0:01:08]} 12. dxe5 {[%emt 0:03:30]} Nxe5 {[%emt 0:04:27]} 13. O-O-O {[%emt 0:00:56]} d4 {[%emt 0:03:54]} 14. Qxd4 {[%emt 0:02:20]} Qxd4 {[%emt 0:00:01]} 15. Rxd4 Nf7 {[%emt 0:00:10]} 16. Rd2 {[%emt 0:00:51]} Nxh6 {[%emt 0:00:03]} 17. Rxh6 {[%emt 0:00:02]} Be5 {[%emt 0:00:06]} 18. Bc4+ {[%emt 0:00:32]} Kg7 {[%emt 0:00:02]} 19. Rhh2 {[%emt 0:01:07]} Bxh2 {[%emt 0:00:52]} 20. Rxh2 {[%emt 0:00:04]} Nd7 {[%emt 0:03:02]} 21. a4 {[%emt 0:02:14]} Ne5 {[%emt 0:00:09]} 22. Be2 {[%emt 0:00:33]} Be6 {[%emt 0:00:42]} 23. b3 {[%emt 0:00:17]} Rad8 {[%emt 0:00:11]} 24. Nh3 {[%emt 0:00:42] [#]} (24. g5 $17 {was worth a try.}) 24... Rf8 $1 {[%emt 0:00:55]} 25. Ng5 {[%emt 0:00:30]} Bg8 {[%emt 0:00:02]} 26. Bd1 {[%emt 0:08:22]} h6 {[%emt 0:00:14]} 27. Nh3 {[%emt 0:00:06]} Nxf3 {[%emt 0:00:09]} 28. Rf2 {[%emt 0:00:23]} Ne5 {[%emt 0:00:21]} 29. Rxf8 {[%emt 0:00:37]} Kxf8 {[%emt 0:00:28]} 30. Nf4 {[%emt 0:00:11]} g5 {[%emt 0:00:16]} 31. Nh5 {[%emt 0:00:19]} Be6 {[%emt 0:00:08]} 32. Ng3 {[%emt 0:00:42]} Nxg4 {[%emt 0:01:39]} 33. Bxg4 {[%emt 0:00:12]} Bxg4 {[%emt 0:00:02]} 34. Kb2 {[%emt 0:00:27]} Kf7 {[%emt 0:00:51]} 35. b4 {[%emt 0:00:20]} Ke6 {[%emt 0:00:11]} 36. b5 {[%emt 0:00:09]} Ke5 {[%emt 0:00:20]} 37. Kb3 {[%emt 0:00:12]} h5 {[%emt 0:00:09]} 38. Nf1 {[%emt 0:00:14]} Be6+ {[%emt 0:01:05]} 39. Kb4 {[%emt 0:00:04]} Rd4+ {[%emt 0:00:06]} 40. Ka3 {[%emt 0:00:35]} h4 {[%emt 0:00:23]} 41. Ne3 {[%emt 0:00:26]} h3 {[%emt 0:00:20]} 42. bxc6 {[%emt 0:00:21]} bxc6 {[%emt 0:00:02]} 43. Ne2 {[%emt 0:00:18]} Rxe4 {[%emt 0:00:15]} 0-1

[Event "Pia Cramling Ladies Open 2018"]
[Site "Stockholm"]
[Date "2018.09.01"]
[Round "3"]
[White "Hunt, Harriet V"]
[Black "Bengtsson, Jessica"]
[Result "1-0"]
[WhiteElo "2439"]
[BlackElo "1986"]
[Annotator "TA"]
[PlyCount "125"]
[EventDate "2018.09.01"]
[EventType "swiss"]
[EventCountry "SWE"]
[SourceTitle "playchess.com"]
[Source "ChessBase"]
[SourceQuality "1"]

{[%evp 18,125,46,41,43,46,51,6,11,9,37,35,42,-21,0,-11,0,0,-25,-54,-36,-156,-170,-143,-152,-213,-198,-205,-166,-165,0,-88,-64,-60,-66,-68,62,60,168,30,51,22,24,0,160,145,191,175,174,90,197,0,12,18,9,0,0,0,0,0,0,0,0,0,0,-23,0,0,0,0,0,0,0,0,0,0,0,0,0,0,1,0,3,0,23,16,63,0,0,0,6,0,0,0,19,8,130,70,12843,12842,12845,12840,12841,12840,12843,12841,12841,12840,29994,29995]} 1. e4 c5 2. Nc3 {[%cal Bb1c3,Bc3e2,Be2g3,Bg3h5][%mdl 32]} Nc6 3. Bb5 Nd4 4. Bc4 e6 5. Nf3 a6 6. Nxd4 {B30: Sicilian: 2...Nc6 3 Bb5, lines without ...g6} cxd4 7. Ne2 b5 (7... Bc5 8. d3 Ne7 9. Bb3 O-O 10. O-O Kh8 11. Ng3 f5 12. exf5 Nxf5 13. Bf4 {1-0 (61) Najer,E (2653)-Moiseenko,A (2707) Dubai 2014}) 8. Bb3 Bb7 9. d3 Qb6 10. O-O {LiveBook: 6 Games} Nf6 11. Bg5 Be7 12. Ng3 h6 $146 ({Predecessor:} 12... Qc5 13. Bd2 h5 {1-0 (40) Rogulj,B (2431)-Cebalo,M (2500) Zagreb 2010}) 13. Bxf6 Bxf6 14. Nh5 Rg8 15. Qg4 (15. Nxf6+ $14 gxf6 16. a4) 15... Be7 $1 $11 16. a4 b4 17. a5 (17. Nxg7+ Kf8 $17) 17... Qc5 18. f4 O-O-O 19. f5 (19. Ng3 $15) 19... g6 $17 20. fxg6 Rxg6 21. Qh3 (21. Qe2 $17 {was worth a try.} f5 22. Nf4) 21... Rdg8 $19 22. Nf4 R6g7 23. Rf2 Qg5 $2 (23... Rg5 $19 24. g3 (24. Qxh6 Kb8 $11) 24... h5) 24. Qh5 (24. Nh5 $1 $11) 24... Bd6 25. Qxg5 Rxg5 26. g3 Bxf4 (26... h5 $15 27. Ng2 R8g7) 27. Rxf4 $14 R5g7 (27... Rf8 $14) 28. Raf1 (28. Ra4 $18) 28... Rg5 $1 $11 29. Rxf7 (29. e5 $5) 29... Rxa5 30. Rh7 h5 $2 (30... Rg6 $11) 31. Rff7 $1 $16 {[%cal Rf7d7]} Ra1+ 32. Kf2 $1 Rd8 33. Rxh5 (33. Bxe6 $1 $18 Bxe4 34. dxe4 (34. Rxh5 dxe6 35. dxe4 Ra2 $14) (34. Bxd7+ Rxd7 35. Rxd7 Bxh7 $11) 34... dxe6 35. Rc7+ (35. Rxh5 Ra2 $14) 35... Kb8 36. Rb7+ Ka8 37. Ra7+ (37. Rxb4 Rc8 $18) 37... Kb8 38. Rhb7+ Kc8 39. Rxb4) 33... Bc6 {[#]} (33... Re8 $16 34. Ke2 Bc6) 34. Rc5 $2 (34. Bxe6 $1 $18 {Black must now prevent Rc5.} Kb8 35. Bc4) 34... Kb7 35. Rc4 a5 36. Rxd4 Rh8 37. h4 {Threatens to win with Bxe6.} Kb6 $1 38. Rdxd7 Bxd7 39. Rxd7 $11 {[%mdl 4096] Endgame KRR-KRB} Rf8+ 40. Ke3 e5 41. d4 exd4+ 42. Rxd4 Re1+ 43. Kd2 Rg1 44. Rd6+ Kc5 45. Rd5+ Kb6 46. Ke3 Rxg3+ 47. Kd4 Rf6 48. Bc4 Rg4 49. Rb5+ Kc7 50. Rxa5 Rxh4 51. Ra7+ Kb8 52. Re7 (52. Ra4 $1 $14) 52... Rd6+ 53. Bd5 {Hoping for Rb7+.} Rh2 54. Kd3 Rb6 55. e5 {[%cal Be4e5,Be5e6][%mdl 32]} Rh5 56. Kd4 Rhh6 (56... Rb5 $11 {remains equal.}) 57. Kc5 (57. Rd7 $16) 57... Kc8 $2 {[%mdl 8192]} (57... Ra6 $14) 58. e6 $18 Rb8 59. Kd6 {[%cal Re7e8]} Rb6+ {[#]} 60. Bc6 $1 {[%cal Re7e8]} Rh8 61. Kc5 Rb8 62. Rg7 Rh5+ 63. Kd6 {Precision: White = 48%, Black = 42%.} 1-0

[Event "Pia Cramling Ladies Open 2018"]
[Site "Stockholm"]
[Date "2018.09.01"]
[Round "3"]
[White "Reizniece-Ozola, Dana"]
[Black "Rinne, Heini"]
[Result "1-0"]
[WhiteElo "2304"]
[BlackElo "1760"]
[Annotator "NA"]
[PlyCount "63"]
[EventDate "2018.09.01"]
[EventType "swiss"]
[EventCountry "SWE"]
[SourceTitle "playchess.com"]
[Source "ChessBase"]
[SourceQuality "1"]
[TimeControl "1800+10"]

1. c4 {[%emt 0:00:18]} g6 {[%emt 0:02:12]} 2. Nc3 {[%emt 0:00:06]} Bg7 {[%emt 0:00:07]} 3. g3 {[%emt 0:00:04]} d6 {[%emt 0:02:05]} 4. Bg2 {[%emt 0:00:04]} e5 {[%emt 0:01:34]} 5. e3 {[%emt 0:00:23]} Ne7 {[%emt 0:01:48] LiveBook: 51 Games} 6. Nge2 {[%emt 0:00:08]} O-O {[%emt 0:00:42]} 7. O-O {[%emt 0:00:06]} Nd7 {[%emt 0:00:56] A21: Englische Eröffnung} 8. f4 $146 {[%emt 0:01:34]} ({Vorgänger:} 8. d4 exd4 9. exd4 Re8 10. b3 Nf5 11. Bb2 c6 12. Qd2 Nf6 13. Rfe1 h6 14. h3 g5 15. d5 {½-½ (42) Flores,D (2569)-Vajda,L (2582) Dresden 2008}) 8... Nb6 {[%emt 0:04:20]} 9. d3 {[%emt 0:02:21]} a5 {[%emt 0:02:26]} 10. Rb1 {[%emt 0:01:15]} Nc6 {[%emt 0:02:06]} 11. Nd5 {[%emt 0:01:08]} Nxd5 {[%emt 0:02:28]} 12. cxd5 {[%emt 0:00:06]} Ne7 {[%emt 0:01:22]} 13. Bd2 {[%emt 0:00:45]} b6 {[%emt 0:00:55]} 14. Qc2 {[%emt 0:01:25]} Ba6 {[%emt 0:00:35]} 15. Rbc1 {[%emt 0:02:56]} Rc8 {[%emt 0:03:22]} 16. a3 {[%emt 0:00:47]} f5 {[%emt 0:00:35]} 17. Bc3 {[%emt 0:00:48]} c6 {[%emt 0:03:02]} (17... Qd7 $11) 18. dxc6 {[%emt 0:00:57]} Nxc6 {[%emt 0:00:02]} 19. Qb3+ {[%emt 0:02:43]} Kh8 {[%emt 0:00:07] [#]} 20. Bxc6 $1 {[%emt 0:02:42]} Rxc6 {[%emt 0:00:01]} 21. Bxe5 $1 {[%emt 0:01:03]} Rxc1 $18 {[%emt 0:00:32]} (21... Rc5 $16 22. Bxg7+ Kxg7) 22. Bxg7+ {[%emt 0:00:08]} Kxg7 {[%emt 0:00:01]} 23. Rxc1 {[%emt 0:00:37]} Re8 {[%emt 0:00:11]} 24. Qc3+ {[%emt 0:00:51]} Kh6 {[%emt 0:00:20]} 25. Qd4 {[%emt 0:00:33]} Qe7 {[%emt 0:00:45]} 26. Kf2 {[%emt 0:00:17]} g5 {[%emt 0:01:13]} 27. fxg5+ {[%emt 0:00:23]} Kxg5 {[%emt 0:00:11]} 28. Rc6 {[%emt 0:01:47]} Qe5 {[%emt 0:00:14]} 29. Qh4+ {[%emt 0:00:33]} Kg6 {[%emt 0:00:01]} 30. Nf4+ {[%emt 0:00:19]} Kg7 {[%emt 0:00:27]} 31. Rc7+ {[%emt 0:00:08]} Kf8 {[%emt 0:00:08]} 32. Qh6+ {[%emt 0:00:07]} 1-0

[Event "Pia Cramling Ladies Open 2018"]
[Site "Stockholm"]
[Date "2018.09.01"]
[Round "3"]
[White "Tetenkina, Irina"]
[Black "Johansson, Viktoria"]
[Result "0-1"]
[WhiteElo "2214"]
[BlackElo "2106"]
[Annotator "NA"]
[PlyCount "61"]
[EventDate "2018.09.01"]
[EventType "swiss"]
[EventCountry "SWE"]
[SourceTitle "playchess.com"]
[Source "ChessBase"]
[SourceQuality "1"]
[TimeControl "1800+10"]

1. Nf3 {[%emt 0:00:00]} c5 {[%emt 0:00:00]} 2. c4 {[%emt 0:00:00]} Nc6 {[%emt 0:00:00]} 3. g3 {[%emt 0:00:00]} g6 {[%emt 0:00:05]} 4. Bg2 {[%emt 0:00:00]} Bg7 {[%emt 0:00:16]} 5. O-O {[%emt 0:00:01]} e5 {[%emt 0:00:09]} 6. Nc3 {[%emt 0:00:13]} Nge7 {[%emt 0:00:29]} 7. d3 {[%emt 0:00:19]} d6 {[%emt 0:00:16]} 8. Ne1 {[%emt 0:00:43]} Be6 {[%emt 0:00:38]} 9. Nc2 {[%emt 0:00:22]} d5 {[%emt 0:00:06]} 10. cxd5 {[%emt 0:00:23]} Nxd5 {[%emt 0:00:07]} 11. Ne3 {[%emt 0:00:20] A37: Symmetrical English vs ...g6: 4 Bg2 Bg7 5 Nf3} Nde7 {[%emt 0:01:25]} 12. Ne4 {[%emt 0:01:39]} (12. Nc4 O-O 13. a4 Rb8 14. a5 h6 15. f4 Kh7 16. fxe5 Nxe5 17. Bf4 Bxc4 18. dxc4 Nxc4 19. Bxb8 Qxb8 {½-½ (40) Cyborowski,L (2543)-Istratescu,A (2651) Legnica 2013}) 12... b6 $1 {[%emt 0:01:20] LiveBook: 16 Games} 13. Bd2 {[%emt 0:06:19]} O-O {[%emt 0:00:20]} 14. Bc3 $146 {[%emt 0:01:41]} ({Predecessor:} 14. Ng5 Bd7 15. a3 h6 16. Nf3 a5 17. a4 Be6 18. Bc3 Rb8 {0-1 (56) Sedlacek,P (2222)-Nagy,G (2403) Slovakia 2015}) 14... Rc8 {[%emt 0:01:01]} 15. Nc4 {[%emt 0:01:45]} Nf5 {[%emt 0:00:43]} 16. a4 {[%emt 0:01:23]} Ncd4 {[%emt 0:02:07]} 17. Kh1 {[%emt 0:03:29]} (17. b4 $11) 17... h5 {[%emt 0:03:03]} 18. h4 {[%emt 0:01:33]} Bd5 {[%emt 0:05:14]} 19. Ne3 $2 {[%emt 0:06:32]} (19. e3 $11 Nc6 20. Qb3) 19... Nxe3 {[%emt 0:01:03]} 20. fxe3 {[%emt 0:00:18]} Nf5 {[%emt 0:00:22]} 21. Rf3 {[%emt 0:01:13]} Qe7 {[%emt 0:01:37]} 22. Kh2 {[%emt 0:00:29]} Bh6 {[%emt 0:02:07]} (22... Nh6 $19 23. a5 Ng4+ 24. Kg1 b5) 23. Qg1 {[%emt 0:02:23]} Rcd8 {[%emt 0:04:40]} 24. Bh3 {[%emt 0:00:07] [#]} Bxe4 $1 {[%emt 0:00:47]} 25. dxe4 $17 {[%emt 0:00:01]} Nd6 {[%emt 0:00:24]} 26. g4 {[%emt 0:00:51]} Qxh4 {[%emt 0:00:46]} 27. Be1 {[%emt 0:01:16]} Qg5 {[%emt 0:00:06]} 28. gxh5 {[%emt 0:00:29]} Qxh5 {[%emt 0:00:14]} 29. Bg3 {[%emt 0:00:30]} Nxe4 {[%emt 0:00:15]} 30. Raf1 {[%emt 0:00:23]} Ng5 {[%emt 0:00:34]} 31. Ra1 0-1